• 首页
  • 本馆介绍
  • 公告通知
  • 最新文献
  • 馆藏检索
  • 电子资源
  • 读者导购
  • 参考咨询
  • 我的图书馆
  • 登录
  • 详细信息显示
  • 放入我的书架
  • 预约/预借图书
  • 作者相关作品
  • 分类相关作品
  • 丛书相关作品
  • 出版社相关作品

书目信息

  • 表格格式
  • 工作单格式
  • 卡片格式
题名:
我看韩国
    
 
作者: 冯玉忠 著
分册:  
出版信息: 北京   中国友谊出版公司  1996
页数: 223页
开本: 20cm
丛书名:
单 册:
中图分类: D731.268 , D731.269
科图分类:
主题词: 社会--评论--韩国 , 社会
电子资源:
ISBN: 7-5057-1289-6
000 00684nam0 2200241 450
001 1540048613
005 20150127110802.48
010    @a7-5057-1289-6@dCNY14.00
100    @a19970416d1996 em y0chiy0110 ea
101 0  @achi
102    @aCN@b110000
105    @af z 000yy
200 1  @a我看韩国@9wo kan han guo@f冯玉忠著
210    @a北京@c中国友谊出版公司@d1996
215    @a223页@c彩照@d20cm
304    @a冯玉忠(1933~ ),辽宁大学教授、经济学博士生导师,辽宁省经济学会会长
606 0  @a社会@x评论@y韩国
606 0  @a社会
690    @aD731.268@v5
690    @aD731.269@v4
701  0 @a冯玉忠@9feng yu zhong@4著
801  0 @aCN@bTSSF@c20150127
905    @aZUCC@dD731.269@eJY2
    
    我看韩国/冯玉忠著.-北京:中国友谊出版公司,1996
    223页:彩照;20cm
    
    
    ISBN 7-5057-1289-6:CNY14.00
    
●
相关链接 在E读中查询图书 在五车中查询图书 在当当中查询图书 在豆瓣中查询图书


正题名:我看韩国     索取号:D731.269/JY2         预约/预借

序号 登录号 条形码 馆藏地/架位号 状态 备注
1 7838539   278385392   学院路分馆/ [索取号:D731.269/JY2] 在馆    
2 7838541   278385418   学院路分馆/ [索取号:D731.269/JY2] 在馆    
唐山师范学院图书馆 欢迎您!
大连网信软件有限公司© 版权所有